[Event "DSJ Weihnachtsturnier U16: Steinitz 2020"]
[Site ""]
[Date "2020.12.28"]
[Round "4"]
[White "Yi, Danny"]
[Black "Farokhi, Keyvan"]
[Result "0-1"]
[Termination "normal"]
[Board "1.1"]
[WhiteTitle "FM"]
[WhiteElo "2253"]
[BlackElo "2059"]
[WhiteTeam "SF 59 Kornwestheim"]
[BlackTeam "SK Doppelbauer Kiel"]
[PlyCount "76"]
[WhiteFideId "12988588"]
[BlackFideId "12998630"]
[EventRounds "7"]
[EventType "team-swiss"]
[EventDate "2020.12.28"]

1. e4 {[%emt 0:00:02]} c6 {[%emt 0:00:14]} 2. Nf3 {[%emt 0:00:02]} d5 {[%emt
0:00:02]} 3. Nc3 {[%emt 0:00:02]} Bg4 {[%emt 0:00:02]} 4. h3 {[%emt 0:00:01]}
Bxf3 {[%emt 0:00:02]} 5. Qxf3 {[%emt 0:00:00]} e6 {[%emt 0:00:01]} 6. d3 {
[%emt 0:00:01]} Nf6 {[%emt 0:00:05]} 7. g4 {[%emt 0:00:12]} Be7 {[%emt 0:00:06]
} 8. Bd2 {[%emt 0:00:17]} h6 {[%emt 0:00:53]} 9. O-O-O {[%emt 0:00:07]} Nbd7 {
[%emt 0:00:03]} 10. Qg3 {[%emt 0:00:37]} d4 {[%emt 0:00:44]} 11. Ne2 {[%emt
0:00:12]} Qb6 {[%emt 0:00:33]} 12. h4 {[%emt 0:00:44]} O-O-O {[%emt 0:00:09]}
13. Bh3 {[%emt 0:00:21]} c5 {[%emt 0:00:35]} 14. g5 {[%emt 0:00:23]} hxg5
{[%emt 0:00:10]} 15. hxg5 {[%emt 0:00:02]} Nh5 {[%emt 0:00:02]} 16. Qg2 {[%emt
0:00:09]} c4 {[%emt 0:00:35]} 17. dxc4 {[%emt 0:00:17]} Ne5 {[%emt 0:00:15]}
18. b3 { [%emt 0:01:19]} Nxc4 {[%emt 0:00:16]} 19. Bg4 {[%emt 0:00:16]} g6
{[%emt 0:00:40]} 20. Bxh5 {[%emt 0:00:21]} gxh5 {[%emt 0:00:03]} 21. Rh3 {[%emt
0:00:05]} Nxd2 {[%emt 0:00:23]} 22. Rxd2 {[%emt 0:00:08]} Qa5 {[%emt 0:00:24]}
23. a4 { [%emt 0:00:54]} Bxg5 {[%emt 0:00:47]} 24. f4 {[%emt 0:00:06]} Bh6
{[%emt 0:00:15]} 25. Rxd4 {[%emt 0:00:32]} Rxd4 {[%emt 0:00:12]} 26. Nxd4
{[%emt 0:00:03]} Bxf4+ {[%emt 0:00:01]} 27. Kb2 {[%emt 0:00:04]} Be5 {[%emt
0:00:18]} 28. c3 { [%emt 0:00:29]} Qd8 {[%emt 0:00:40]} 29. Qf2 {[%emt
0:00:50]} Qf6 {[%emt 0:00:05]} 30. Rf3 {[%emt 0:00:17]} Bxd4 {[%emt 0:00:19]}
31. cxd4 {[%emt 0:00:00]} Qg6 {[%emt 0:00:03]} 32. Rxf7 {[%emt 0:00:16]} Qxe4
{[%emt 0:00:02]} 33. d5 { [%emt 0:01:41]} Qxd5 {[%emt 0:00:05]} 34. Qc2+ {[%emt
0:00:12]} Qc6 {[%emt 0:00:08]} 35. Qf2 {[%emt 0:00:02]} Rd8 {[%emt 0:00:09]}
36. Qxa7 {[%emt 0:00:08]} Rd2+ {[%emt 0:00:02]} 37. Ka3 {[%emt 0:00:02]} Qd6+
{[%emt 0:00:02]} 38. b4 { [%emt 0:00:03] .} Qd3# {[%emt 0:00:01]} 0-1

[Event "DSJ Weihnachtsturnier U16: Steinitz 2020"]
[Site ""]
[Date "2020.12.28"]
[Round "4"]
[White "Rempe, Jonas"]
[Black "Afonso, Nils"]
[Result "1-0"]
[Termination "normal"]
[Board "1.2"]
[WhiteElo "1957"]
[BlackElo "1960"]
[WhiteTeam "SK Doppelbauer Kiel"]
[BlackTeam "SF 59 Kornwestheim"]
[PlyCount "41"]
[WhiteFideId "16202406"]
[BlackFideId "12990582"]
[EventRounds "7"]
[EventType "team-swiss"]
[EventDate "2020.12.28"]

1. e4 {[%emt 0:00:14]} c5 {[%emt 0:00:01]} 2. Nf3 {[%emt 0:00:01]} Nc6 { [%emt
0:00:01]} 3. Nc3 {[%emt 0:00:03]} g6 {[%emt 0:00:02]} 4. d4 {[%emt 0:00:01]}
cxd4 {[%emt 0:00:02]} 5. Nxd4 {[%emt 0:00:00]} Bg7 {[%emt 0:00:01]} 6. Be3
{[%emt 0:00:01]} Nf6 {[%emt 0:00:05]} 7. Bc4 {[%emt 0:00:01]} O-O {[%emt
0:00:02]} 8. Bb3 {[%emt 0:00:01]} d6 {[%emt 0:00:04]} 9. f3 {[%emt 0:00:01]}
Bd7 { [%emt 0:00:36]} 10. Qd2 {[%emt 0:00:03]} Rc8 {[%emt 0:00:24]} 11. O-O-O {
[%emt 0:00:03]} Ne5 {[%emt 0:00:13]} 12. Kb1 {[%emt 0:00:01]} a6 {[%emt
0:00:02]} 13. h4 {[%emt 0:00:02]} h5 {[%emt 0:00:08]} 14. g4 {[%emt 0:00:02]}
hxg4 { [%emt 0:00:01]} 15. h5 {[%emt 0:00:02]} Nxh5 {[%emt 0:00:05]} 16. Rdg1 {
[%emt 0:00:02]} g3 {[%emt 0:00:14]} 17. Bh6 {[%emt 0:00:08]} a5 {[%emt 0:00:13]
} 18. Rxh5 {[%emt 0:00:44]} a4 {[%emt 0:00:29]} 19. Bxg7 {[%emt 0:00:22]} gxh5
{[%emt 0:00:08]} 20. Qh6 {[%emt 0:00:18]} axb3 {[%emt 0:00:09]} 21. Qh8# {
[%emt 0:00:02]} 1-0

[Event "DSJ Weihnachtsturnier U16: Steinitz 2020"]
[Site ""]
[Date "2020.12.28"]
[Round "4"]
[White "Kluge, Malte"]
[Black "Steinbach, Julian"]
[Result "1-0"]
[Termination "normal"]
[Board "1.3"]
[WhiteElo "1652"]
[BlackElo "1704"]
[WhiteTeam "SF 59 Kornwestheim"]
[BlackTeam "SK Doppelbauer Kiel"]
[PlyCount "68"]
[WhiteFideId "16243838"]
[BlackFideId "16247973"]
[EventRounds "7"]
[EventType "team-swiss"]
[EventDate "2020.12.28"]

1. d4 {[%emt 0:00:05]} d6 {[%emt 0:00:04]} 2. c4 {[%emt 0:00:04]} Nf6 {[%emt
0:00:02]} 3. Nc3 {[%emt 0:00:04]} e5 {[%emt 0:00:03]} 4. dxe5 {[%emt 0:00:12]}
dxe5 {[%emt 0:00:00]} 5. Qxd8+ {[%emt 0:00:04]} Kxd8 {[%emt 0:00:00]} 6. Bg5 {
[%emt 0:00:03]} Be6 {[%emt 0:00:09]} 7. Bxf6+ {[%emt 0:00:06]} gxf6 {[%emt
0:00:03]} 8. O-O-O+ {[%emt 0:00:10]} Nd7 {[%emt 0:00:03]} 9. e4 {[%emt
0:00:06]} Bc5 {[%emt 0:00:12]} 10. f3 {[%emt 0:00:39]} c6 {[%emt 0:00:22]} 11.
Nge2 { [%emt 0:00:32]} Bxc4 {[%emt 0:00:11]} 12. b3 {[%emt 0:00:11]} Be6 {[%emt
0:00:04]} 13. Ng3 {[%emt 0:00:12]} Kc7 {[%emt 0:00:24]} 14. Na4 {[%emt
0:00:12]} Bd4 {[%emt 0:00:13]} 15. Kc2 {[%emt 0:00:51]} Nb6 {[%emt 0:00:37]}
16. Nc3 { [%emt 0:00:13]} a5 {[%emt 0:00:07]} 17. a4 {[%emt 0:00:48]} h5 {[%emt
0:00:17]} 18. Nge2 {[%emt 0:00:20]} Bxc3 {[%emt 0:00:33]} 19. Nxc3 {[%emt
0:00:04]} Rad8 {[%emt 0:00:16]} 20. Be2 {[%emt 0:00:03]} Rd4 {[%emt 0:00:08]}
21. Rd3 { [%emt 0:00:32]} Rhd8 {[%emt 0:00:09]} 22. Rhd1 {[%emt 0:00:03]} Rxd3
{[%emt 0:00:26]} 23. Rxd3 {[%emt 0:00:05]} Rd5 {[%emt 0:00:02]} 24. exd5 {[%emt
0:00:03] } Bf5 {[%emt 0:00:49]} 25. d6+ {[%emt 0:00:24]} Kd7 {[%emt 0:00:02]}
26. Ne4 { [%emt 0:00:02]} Nd5 {[%emt 0:00:04]} 27. Kd2 {[%emt 0:00:28]} Nf4
{[%emt 0:00:09]} 28. Nxf6+ {[%emt 0:00:47]} Kd8 {[%emt 0:00:08]} 29. Rc3 {[%emt
0:00:11]} Nxg2 {[%emt 0:00:13]} 30. Nxh5 {[%emt 0:00:14]} Kd7 {[%emt 0:00:10]}
31. Bd3 { [%emt 0:00:11]} Be6 {[%emt 0:00:07]} 32. Nf6+ {[%emt 0:00:11]} Kxd6
{[%emt 0:00:02]} 33. Ne4+ {[%emt 0:00:11]} Kd5 {[%emt 0:00:02]} 34. Bc4+ {[%emt
0:00:07] } Kd4 {[%emt 0:00:01]} 1-0

[Event "DSJ Weihnachtsturnier U16: Steinitz 2020"]
[Site ""]
[Date "2020.12.28"]
[Round "4"]
[White "Woltmann, Peter"]
[Black "Afonso, Phil"]
[Result "1-0"]
[Termination "normal"]
[Board "1.4"]
[WhiteElo "1556"]
[BlackElo "1542"]
[WhiteTeam "SK Doppelbauer Kiel"]
[BlackTeam "SF 59 Kornwestheim"]
[PlyCount "53"]
[WhiteFideId "16269349"]
[BlackFideId "16207475"]
[EventRounds "7"]
[EventType "team-swiss"]
[EventDate "2020.12.28"]

1. e4 {[%emt 0:00:10]} e5 {[%emt 0:00:02]} 2. Nf3 {[%emt 0:00:04]} Nc6 { [%emt
0:00:01]} 3. d4 {[%emt 0:00:06]} exd4 {[%emt 0:00:05]} 4. Bc4 {[%emt 0:00:08]}
Bc5 {[%emt 0:00:26]} 5. O-O {[%emt 0:00:25]} d6 {[%emt 0:00:18]} 6. c3 {[%emt
0:00:33]} Nf6 {[%emt 0:00:14]} 7. cxd4 {[%emt 0:00:19]} Bb6 {[%emt 0:00:06]} 8.
e5 {[%emt 0:00:03]} dxe5 {[%emt 0:00:16]} 9. dxe5 {[%emt 0:00:03]} Qxd1 {[%emt
0:00:20]} 10. Rxd1 {[%emt 0:00:08]} Ng4 {[%emt 0:00:09]} 11. Rf1 { [%emt
0:00:39]} O-O {[%emt 0:01:01]} 12. Nc3 {[%emt 0:00:11]} Ngxe5 {[%emt 0:00:16]}
13. Nxe5 {[%emt 0:00:04]} Nxe5 {[%emt 0:00:03]} 14. Bb3 {[%emt 0:00:10] } Bf5
{[%emt 0:00:12]} 15. Bf4 {[%emt 0:00:03]} Nd3 {[%emt 0:00:59]} 16. Bg3 { [%emt
0:00:24]} Nxb2 {[%emt 0:00:51]} 17. Nd5 {[%emt 0:00:05]} Rfe8 {[%emt 0:00:49]}
18. Bxc7 {[%emt 0:00:06]} Bd4 {[%emt 0:00:41]} 19. Bd6 {[%emt 0:00:14]} Rad8
{[%emt 0:00:37]} 20. Ne7+ {[%emt 0:00:10]} Rxe7 {[%emt 0:00:24]} 21. Bxe7
{[%emt 0:00:03]} Rd7 {[%emt 0:00:02]} 22. Ba3 {[%emt 0:00:08]} Nd3 {[%emt
0:00:56]} 23. Rad1 {[%emt 0:00:08]} Bg4 {[%emt 0:00:54]} 24. Rxd3 {[%emt
0:00:11]} Bxf2+ {[%emt 0:00:04]} 25. Rxf2 {[%emt 0:00:08]} Rxd3 {[%emt
0:00:01]} 26. Rxf7 {[%emt 0:00:08]} Kh8 {[%emt 0:00:06]} 27. Rf8# {[%emt
0:00:02]} 1-0

[Event "DSJ Weihnachtsturnier U16: Steinitz 2020"]
[Site ""]
[Date "2020.12.28"]
[Round "4"]
[White "Herter, Arne"]
[Black "Burgtorf, Benjamin"]
[Result "0-1"]
[Termination "normal"]
[Board "2.1"]
[WhiteElo "1740"]
[BlackElo "1773"]
[WhiteTeam "Schachzwerge Magdeburg"]
[BlackTeam "SchVgg Blankenese von 1923"]
[PlyCount "180"]
[WhiteFideId "16255372"]
[BlackFideId "16242920"]
[EventRounds "7"]
[EventType "team-swiss"]
[EventDate "2020.12.28"]

1. e4 {[%emt 0:00:02]} c6 {[%emt 0:00:04]} 2. c4 {[%emt 0:00:02]} d5 {[%emt
0:00:02]} 3. exd5 {[%emt 0:00:01]} cxd5 {[%emt 0:00:02]} 4. cxd5 {[%emt
0:00:00]} Nf6 {[%emt 0:00:03]} 5. Qa4+ {[%emt 0:00:02]} Nbd7 {[%emt 0:00:18]}
6. Nc3 { [%emt 0:00:05]} g6 {[%emt 0:00:09]} 7. Bc4 {[%emt 0:00:05]} Bg7 {[%emt
0:00:10] } 8. Nf3 {[%emt 0:00:07]} O-O {[%emt 0:00:04]} 9. O-O {[%emt 0:00:05]}
Nb6 { [%emt 0:00:14]} 10. Qb3 {[%emt 0:00:03]} Bg4 {[%emt 0:00:32]} 11. Ne5
{[%emt 0:00:53]} Qc7 {[%emt 0:00:50]} 12. d6 {[%emt 0:01:33]} exd6 {[%emt
0:00:37]} 13. Nb5 {[%emt 0:00:21]} Qe7 {[%emt 0:01:00]} 14. Nxf7 {[%emt
0:00:24]} Rxf7 { [%emt 0:01:22]} 15. Bxf7+ {[%emt 0:00:04]} Qxf7 {[%emt
0:00:05]} 16. Qxf7+ { [%emt 0:00:00]} Kxf7 {[%emt 0:00:01]} 17. Nxd6+ {[%emt
0:00:01]} Kg8 {[%emt 0:00:21]} 18. Nxb7 {[%emt 0:00:00]} Nfd5 {[%emt 0:00:33]}
19. h3 {[%emt 0:00:42]} Bf5 {[%emt 0:00:15]} 20. a3 {[%emt 0:01:49]} Nc4 {[%emt
0:01:09]} 21. Ra2 { [%emt 0:00:09]} Bb1 {[%emt 0:00:16]} 22. Ra1 {[%emt
0:00:04]} Bd3 {[%emt 0:00:03]} 23. Re1 {[%emt 0:00:03]} Nxb2 {[%emt 0:00:08]}
24. Nc5 {[%emt 0:01:50]} Rc8 {[%emt 0:00:47]} 25. Bxb2 {[%emt 0:00:51]} Bxb2
{[%emt 0:00:52]} 26. Nxd3 { [%emt 0:00:03]} Bxa1 {[%emt 0:00:01]} 27. Rxa1
{[%emt 0:00:02]} Rc2 {[%emt 0:00:01]} 28. Nb4 {[%emt 0:00:09]} Rxd2 {[%emt
0:00:06]} 29. Nxd5 {[%emt 0:00:03] } Rxd5 {[%emt 0:00:01]} 30. Rb1 {[%emt
0:00:02]} Ra5 {[%emt 0:00:02]} 31. Rb3 { [%emt 0:00:03]} Kf7 {[%emt 0:00:06]}
32. g3 {[%emt 0:00:08]} Kf6 {[%emt 0:00:03]} 33. Kg2 {[%emt 0:00:06]} Ra4
{[%emt 0:00:03]} 34. Rc3 {[%emt 0:00:09]} Ke5 {[%emt 0:00:05]} 35. Rc7 {[%emt
0:00:03]} Rxa3 {[%emt 0:00:03]} 36. Rxh7 { [%emt 0:00:03]} a5 {[%emt 0:00:09]}
37. h4 {[%emt 0:00:12]} a4 {[%emt 0:00:14]} 38. Ra7 {[%emt 0:00:04]} Kf5 {[%emt
0:00:06]} 39. Ra5+ {[%emt 0:00:04]} Kf6 { [%emt 0:00:02]} 40. h5 {[%emt
0:00:17]} gxh5 {[%emt 0:00:03]} 41. Rxh5 { [%emt 0:00:02]} Ra1 {[%emt 0:00:08]}
42. Ra5 {[%emt 0:00:02]} a3 {[%emt 0:00:01]} 43. f4 {[%emt 0:00:05]} Kg6 {[%emt
0:00:02]} 44. g4 {[%emt 0:00:02]} Kf6 { [%emt 0:00:03]} 45. Ra6+ {[%emt
0:00:02]} Kg7 {[%emt 0:00:01]} 46. f5 {[%emt 0:00:02]} a2 {[%emt 0:00:09]} 47.
g5 {[%emt 0:00:03]} Rc1 {[%emt 0:00:03]} 48. Rxa2 {[%emt 0:00:03]} Rc5 {[%emt
0:00:01]} 49. Rf2 {[%emt 0:00:02]} Kf7 { [%emt 0:00:01]} 50. Kg3 {[%emt
0:00:02]} Rc4 {[%emt 0:00:01]} 51. Rf4 {[%emt 0:00:04]} Rc1 {[%emt 0:00:01]}
52. Rf3 {[%emt 0:00:08]} Rc4 {[%emt 0:00:01]} 53. Kh3 {[%emt 0:00:04]} Ra4
{[%emt 0:00:02]} 54. Rg3 {[%emt 0:00:02]} Kg7 { [%emt 0:00:02]} 55. Re3 {[%emt
0:00:08]} Kf7 {[%emt 0:00:02]} 56. Rb3 {[%emt 0:00:02]} Rc4 {[%emt 0:00:05]}
57. Rb7+ {[%emt 0:00:01]} Kg8 {[%emt 0:00:01]} 58. g6 {[%emt 0:00:02]} Rf4
{[%emt 0:00:04]} 59. Rf7 {[%emt 0:00:03]} Ra4 {[%emt 0:00:05]} 60. f6 {[%emt
0:00:02]} Ra6 {[%emt 0:00:03]} 61. Kg4 {[%emt 0:00:02]} Ra4+ {[%emt 0:00:02]}
62. Kg5 {[%emt 0:00:02]} Ra1 {[%emt 0:00:03]} 63. Rg7+ { [%emt 0:00:04]} Kf8
{[%emt 0:00:02]} 64. Kh4 {[%emt 0:00:09]} Rh1+ {[%emt 0:00:04]} 65. Kg3 {[%emt
0:00:01]} Rf1 {[%emt 0:00:00]} 66. Rf7+ {[%emt 0:00:05]} Kg8 {[%emt 0:00:01]}
67. Kg2 {[%emt 0:00:01]} Ra1 {[%emt 0:00:01]} 68. Ra7 { [%emt 0:00:02]} Rxa7
{[%emt 0:00:02]} 69. Kg3 {[%emt 0:00:04]} Ra6 {[%emt 0:00:01]} 70. Kg4 {[%emt
0:00:00]} Rxf6 {[%emt 0:00:01]} 71. Kh5 {[%emt 0:00:00]} Kg7 {[%emt 0:00:00]}
72. Kg5 {[%emt 0:00:02]} Rxg6+ {[%emt 0:00:00]} 73. Kf5 { [%emt 0:00:02]} Kf7
{[%emt 0:00:01]} 74. Ke4 {[%emt 0:00:01]} Rf6 {[%emt 0:00:01]} 75. Kd5 {[%emt
0:00:00]} Re6 {[%emt 0:00:01]} 76. Kc4 {[%emt 0:00:01]} Ke7 {[%emt 0:00:01]}
77. Kd5 {[%emt 0:00:01]} Kd7 {[%emt 0:00:00]} 78. Kc5 { [%emt 0:00:01]} Rd6
{[%emt 0:00:01]} 79. Kb4 {[%emt 0:00:01]} Rd5 {[%emt 0:00:01]} 80. Kc4 {[%emt
0:00:01]} Kc6 {[%emt 0:00:01]} 81. Kc3 {[%emt 0:00:01]} Kc5 {[%emt 0:00:01]}
82. Kb3 {[%emt 0:00:01]} Rd4 {[%emt 0:00:00]} 83. Kc3 { [%emt 0:00:01]} Kd5
{[%emt 0:00:01]} 84. Kb2 {[%emt 0:00:01]} Rc4 {[%emt 0:00:01]} 85. Kb3 {[%emt
0:00:01]} Kd4 {[%emt 0:00:01]} 86. Kb2 {[%emt 0:00:01]} Rc3 {[%emt 0:00:01]}
87. Kb1 {[%emt 0:00:01]} Kd3 {[%emt 0:00:01]} 88. Kb2 { [%emt 0:00:01]} Kd2
{[%emt 0:00:01]} 89. Ka2 {[%emt 0:00:02]} Kc2 {[%emt 0:00:01]} 90. Ka1 {[%emt
0:00:01]} Ra3# {[%emt 0:00:01]} 0-1

[Event "DSJ Weihnachtsturnier U16: Steinitz 2020"]
[Site ""]
[Date "2020.12.28"]
[Round "4"]
[White "von Rosen, Jakob"]
[Black "Udelnov, Valentin"]
[Result "0-1"]
[Termination "normal"]
[Board "2.2"]
[WhiteElo "1722"]
[BlackElo "1748"]
[WhiteTeam "SchVgg Blankenese von 1923"]
[BlackTeam "Schachzwerge Magdeburg"]
[PlyCount "58"]
[WhiteFideId "12982989"]
[BlackFideId "16265734"]
[EventRounds "7"]
[EventType "team-swiss"]
[EventDate "2020.12.28"]

1. e4 {[%emt 0:00:00] Magdebg3-002 reconnected.} e5 {[%emt 0:00:32]} 2. Nf3 {
[%emt 0:00:03]} Nc6 {[%emt 0:00:03]} 3. Bc4 {[%emt 0:00:02]} Bc5 {[%emt
0:00:06]} 4. O-O {[%emt 0:00:03]} Nf6 {[%emt 0:00:06]} 5. d3 {[%emt 0:00:10]}
a6 { [%emt 0:00:16]} 6. Nbd2 {[%emt 0:00:03]} d6 {[%emt 0:00:02]} 7. c3 {[%emt
0:00:02]} Ba7 {[%emt 0:00:07]} 8. Re1 {[%emt 0:00:09]} Ng4 {[%emt 0:00:04]} 9.
Re2 { [%emt 0:00:04]} O-O {[%emt 0:00:03]} 10. Nf1 {[%emt 0:00:02]} Kh8 {[%emt
0:00:03]} 11. Ne3 {[%emt 0:00:10]} f5 {[%emt 0:00:30]} 12. Nxg4 {[%emt
0:00:37]} fxg4 {[%emt 0:00:06]} 13. Ng5 {[%emt 0:00:11]} Qf6 {[%emt 0:00:19]}
14. Be3 { [%emt 0:01:02]} Bxe3 {[%emt 0:00:23]} 15. Nf7+ {[%emt 0:00:13]} Rxf7
{[%emt 0:00:03]} 16. Bxf7 {[%emt 0:00:00]} Qxf7 {[%emt 0:00:03]} 17. Rxe3
{[%emt 0:00:03]} Be6 {[%emt 0:00:02]} 18. d4 {[%emt 0:00:12]} Ne7 {[%emt
0:00:04]} 19. d5 { [%emt 0:00:07]} Bd7 {[%emt 0:00:02]} 20. c4 {[%emt 0:00:19]}
Ng6 {[%emt 0:00:06]} 21. b4 {[%emt 0:00:09]} Rf8 {[%emt 0:00:04]} 22. Qd2
{[%emt 0:00:10]} Nf4 {[%emt 0:00:15]} 23. c5 {[%emt 0:00:12]} Qh5 {[%emt
0:00:57]} 24. a4 {[%emt 0:00:36]} Qg5 {[%emt 0:00:18]} 25. Raa3 {[%emt
0:01:04]} Nh3+ {[%emt 0:00:53]} 26. gxh3 {[%emt 0:01:04]} gxh3+ {[%emt
0:00:04]} 27. Rg3 {[%emt 0:00:02]} Qxd2 {[%emt 0:00:02]} 28. Kh1 {[%emt
0:00:19]} Qc1+ {[%emt 0:00:09]} 29. Rg1 { [%emt 0:00:04]} Qxa3 {[%emt 0:00:02]}
0-1

[Event "DSJ Weihnachtsturnier U16: Steinitz 2020"]
[Site ""]
[Date "2020.12.28"]
[Round "4"]
[White "Pohle, Saskia"]
[Black "Sell, Eero"]
[Result "1-0"]
[Termination "time forfeit"]
[Board "2.3"]
[WhiteElo "1815"]
[BlackElo "1766"]
[WhiteTeam "Schachzwerge Magdeburg"]
[BlackTeam "SchVgg Blankenese von 1923"]
[PlyCount "71"]
[WhiteFideId "16201604"]
[BlackFideId "34606041"]
[EventRounds "7"]
[EventType "team-swiss"]
[EventDate "2020.12.28"]

1. e4 {[%emt 0:00:01]} e5 {[%emt 0:00:03]} 2. Nf3 {[%emt 0:00:03]} Nc6 { [%emt
0:00:01]} 3. d4 {[%emt 0:00:03]} exd4 {[%emt 0:00:01]} 4. Bc4 {[%emt 0:00:01]}
Nf6 {[%emt 0:00:03]} 5. e5 {[%emt 0:00:01] Blanken1-003 reconnected.
Blanken1-003 reconnected.} d5 {[%emt 0:00:40]} 6. Bb5 {[%emt 0:00:01]} Ne4 {
[%emt 0:00:08]} 7. Nxd4 {[%emt 0:00:01]} Bd7 {[%emt 0:00:27]} 8. Bxc6 {[%emt
0:00:04]} bxc6 {[%emt 0:00:14]} 9. O-O {[%emt 0:00:03]} Bc5 {[%emt 0:00:03]}
10. f3 {[%emt 0:00:04]} Ng5 {[%emt 0:00:06]} 11. f4 {[%emt 0:00:01]} Ne4 {[%emt
0:00:02]} 12. Be3 {[%emt 0:00:02]} O-O {[%emt 0:00:04]} 13. Nd2 {[%emt
0:00:16]} Nxd2 {[%emt 0:00:02]} 14. Qxd2 {[%emt 0:00:01]} Qe7 {[%emt 0:00:25]}
15. Nb3 { [%emt 0:00:24]} Bb6 {[%emt 0:00:07]} 16. Rae1 {[%emt 0:00:19]} Bf5
{[%emt 0:00:15]} 17. Qc3 {[%emt 0:00:14]} Rfd8 {[%emt 0:00:55]} 18. Qxc6 {[%emt
0:00:13]} d4 {[%emt 0:00:20]} 19. Nxd4 {[%emt 0:00:23]} Bd7 {[%emt 0:01:23]}
20. Qc3 { [%emt 0:00:15]} c5 {[%emt 0:00:46]} 21. Nb3 {[%emt 0:00:28]} Bb5
{[%emt 0:00:56]} 22. Rf2 {[%emt 0:00:21]} Rac8 {[%emt 0:00:21]} 23. Nd2 {[%emt
0:00:23]} Qc7 {[%emt 0:00:43]} 24. Nc4 {[%emt 0:00:14]} Bxc4 {[%emt 0:00:30]}
25. Qxc4 { [%emt 0:00:03]} Rd7 {[%emt 0:00:37]} 26. e6 {[%emt 0:00:51]} Re7
{[%emt 0:00:08]} 27. exf7+ {[%emt 0:00:04]} Rxf7 {[%emt 0:00:02]} 28. Rfe2
{[%emt 0:00:19]} Rcf8 {[%emt 0:00:26]} 29. g3 {[%emt 0:00:24]} Qc8 {[%emt
0:00:58]} 30. Bf2 { [%emt 0:00:08]} Qc7 {[%emt 0:00:00]} 31. Re7 {[%emt
0:00:21]} Qc8 {[%emt 0:00:00]} 32. Rd1 {[%emt 0:00:14]} Qf5 {[%emt 0:00:12]}
33. Rdd7 {[%emt 0:00:16]} Kh8 {[%emt 0:00:06]} 34. Rxf7 {[%emt 0:00:08]} Rxf7
{[%emt 0:00:01]} 35. Rxf7 { [%emt 0:00:01]} Qc8 {[%emt 0:00:02]} 36. Qc3 {[%emt
0:00:04] ' TimeB} 1-0

[Event "DSJ Weihnachtsturnier U16: Steinitz 2020"]
[Site ""]
[Date "2020.12.28"]
[Round "4"]
[White "Tao, Alexander"]
[Black "Nönnig, Jakob"]
[Result "0-1"]
[Termination "normal"]
[Board "2.4"]
[WhiteElo "1630"]
[BlackElo "1442"]
[WhiteTeam "SchVgg Blankenese von 1923"]
[BlackTeam "Schachzwerge Magdeburg"]
[PlyCount "58"]
[WhiteFideId "34606033"]
[BlackFideId "16289447"]
[EventRounds "7"]
[EventType "team-swiss"]
[EventDate "2020.12.28"]

1. e4 {[%emt 0:00:08]} e5 {[%emt 0:00:02]} 2. Nf3 {[%emt 0:00:02]} Nc6 { [%emt
0:00:01]} 3. Bc4 {[%emt 0:00:01]} Bc5 {[%emt 0:00:02]} 4. O-O {[%emt 0:00:04]}
d6 {[%emt 0:00:06]} 5. d3 {[%emt 0:00:04]} Bg4 {[%emt 0:00:04]} 6. Be3 {[%emt
0:00:40]} Qd7 {[%emt 0:00:33]} 7. c3 {[%emt 0:00:10]} Bb6 {[%emt 0:00:06]} 8.
Bb3 {[%emt 0:00:06]} Nge7 {[%emt 0:00:08]} 9. Bxf7+ {[%emt 0:00:24]} Kxf7
{[%emt 0:00:11]} 10. d4 {[%emt 0:00:56]} Rhf8 {[%emt 0:00:51]} 11. h3 { [%emt
0:01:09]} Bxf3 {[%emt 0:00:22]} 12. Qxf3+ {[%emt 0:00:23]} Kg8 {[%emt 0:00:03]}
13. Qd1 {[%emt 0:00:15]} Qe8 {[%emt 0:00:25]} 14. Na3 {[%emt 0:00:42]} Qg6
{[%emt 0:00:20]} 15. f3 {[%emt 0:00:24]} Na5 {[%emt 0:00:47]} 16. b4 { [%emt
0:00:12]} Nac6 {[%emt 0:00:05]} 17. Nc4 {[%emt 0:00:05]} Qf6 {[%emt 0:00:27]}
18. Qb3 {[%emt 0:00:55]} Kh8 {[%emt 0:00:41]} 19. Nxb6 {[%emt 0:00:22]} axb6
{[%emt 0:00:00]} 20. Qc4 {[%emt 0:00:25]} Rfc8 {[%emt 0:00:31]} 21. a4 { [%emt
0:00:19]} h6 {[%emt 0:00:37]} 22. Bf2 {[%emt 0:00:35]} Nd8 {[%emt 0:00:29]} 23.
dxe5 {[%emt 0:00:18]} Qxe5 {[%emt 0:00:42]} 24. Bd4 {[%emt 0:00:39]} Qg3 {[%emt
0:00:22]} 25. Qb5 {[%emt 0:00:18]} Ndc6 {[%emt 0:00:16]} 26. Bf2 { [%emt
0:00:19]} Qg6 {[%emt 0:00:09]} 27. Qe2 {[%emt 0:00:21]} Qg5 {[%emt 0:00:15]}
28. Be3 {[%emt 0:00:05]} Qe5 {[%emt 0:00:07]} 29. Bf2 {[%emt 0:00:09]} Qxc3
{[%emt 0:00:04]} 0-1